000 00396pab a2200157 454500
008 180718b2001 xxu||||| |||| 00| 0 eng d
100 _aD'Souza, Errol
245 _aBudgetary policy as process, not event
260 _c2001
300 _ap.806-08
362 _a10 Mar
650 _aBudget - India - 2001-2002
650 _aBudget
773 _aEconomic and Political Weekly
909 _a47875
999 _c47875
_d47875